Normal view
MARC view
Entry Personal Name
001 - CONTROL NUMBER
- control field: 30849
003 - CONTROL NUMBER IDENTIFIER
- control field: dpl
005 - DATE AND TIME OF LATEST TRANSACTION
- control field: 20110802143337.0
008 - FIXED-LENGTH DATA ELEMENTS
- fixed length control field: 110802|||a|||||| | ||| d
040 ## - CATALOGING SOURCE
- Original cataloging agency: dpl
- Transcribing agency: dpl
100 ## - HEADING--PERSONAL NAME
- Personal name: Desai, Rohit N.
670 ## - SOURCE DATA FOUND
- Source citation: Work cat.: (dpl)31459: Viramgami, Hitesh S. 30848, Management, 2009
670 ## - SOURCE DATA FOUND
- Source citation: Work cat.: (dpl)31459: Viramgami, Hitesh S. 30848, Management, 2009
